000 00950nam a22003017a 4500
001 BR8707131
003 BR-BrBNA
005 20230928092750.0
007 ta
008 230509b bl.||||| |||| 00| 0 por d
040 _aBR-BrBNA
_bpor
_cBiblioteca Nacional de Agricultura
041 _a(Por)
072 _aK10; E16
_b2480
_b/G514
090 _ 2480 BR8707131
100 1 _aArruda, S.T.
110 1 _aEscola Superior de Agricultura Luiz de Queiroz, Piracicaba, SP (Brasil)
_0Tese (Mestrado)
245 1 _aAnalise economica da producao da borracha natural no Estado de Sao Paulo
246 1 _aEconomic analysis of natural rubber production in Sao Paulo State
260 3 _aPiracicaba, SP (Brasil):
_c1986.
300 _a114 p.
500 _aSummaries (Eng, Por); 26 ref.
650 _aHEVEICULTURA
650 _aBORRACHA
650 _aCUSTO DE PRODUCAO
650 _aSAO PAULO
909 _a202309
_bLucia
_c55
_dLucia Elande
942 _cBK
999 _c41063
_d41063